Quick Pick: Countries by Minimum Alcohol Age Quiz Stats

Quiz Updated Oct 7, 2016

Challenge
Share
Tweet
Embed
Score 0/15 Timer 01:00
1 Play Today
% Correct
Guinea-Bissau
87.6%
Burkina Faso
87.2%
Mali
86.5%
São Tomé and Príncipe
85.3%
Cameroon
84.7%
Sierra Leone
82.6%
Ghana
82.6%
Cambodia
82%
% Correct
Togo
81.3%
Benin
80.3%
Timor-Leste
80.3%
Bangladesh
77.9%
Syria
64.8%
Bolivia
62.2%
China
47.8%

Today's Daily Dose

You're not logged in!

Compare scores with friends on all Sporcle quizzes.
Join for Free
OR
Log In

You Might Also Like...

Show Comments

Extras

Top Quizzes Today


Score Distribution

Your Account Isn't Verified!

In order to create a playlist on Sporcle, you need to verify the email address you used during registration. Go to your Sporcle Settings to finish the process.

Report this User

Report this user for behavior that violates our Community Guidelines.

Details: